000 00310nam a2200109 4500
999 _c13159
_d13159
008 190208b ||||| |||| 00| 0 eng d
245 _aWho ignored red flags on dengue vaccine.
260 _aPhilippines
_bPhilippine Daily Inquirer
_cc2017
300 _apage A6.
650 0 _936816
_aVaccine.
942 _2ddc
_cPER